000 01422cam a22004334i 4500
003 PE-LiUPU
005 20250731172838.0
008 150616s2014 ag r 000 0 spa d
035 _a(Sirsi) a155249
040 _aPE-LiUPU
_bspa
_cPE-LiUPU
_erda
049 _aPRUA
082 0 4 _a286.7325
_bSC
_22014
100 1 _aWhite, Elena G. de,
_d1827-1915,
_eautor.
245 1 0 _aServicio Cristiano /
_cElena G. de White.
264 1 _aBuenos Aires :
_bAsociación Casa Editora Sudamericana,
_c2014.
300 _a345 páginas ;
_c22 centímetros
336 _atext
_2rdacontent
337 _aunmediated
_2rdamedia
338 _avolume
_2rdacarrier
505 0 _aCompilación de trozos de los escritos de Elena G. de White sobre el Servicio Cristiano Eficaz.
526 _aSEG42
526 _aSEG41
526 _aSEG40
526 _aSEG39
526 _aP94
526 _aP87
526 _aP86
526 _aP85
526 _aP77
526 _aP76
526 _aP35
650 1 4 _aServicio cristiano
_93736
650 1 4 _aMisiología
_93737
650 1 4 _aVida cristiana
_93738
856 4 2 _uhttps://media2.egwwritings.org/swf/es_SC(ChS)/index.html
942 _2ddc
_cBK
999 _c7931
_d7931
980 _81
_gALBERTO SANCHEZ Responsable de Automatización